000 01013nam a22002537a 4500
008 131125b xxu||||| |||| 00| 0 alb d
020 _a9951402194
041 _aalb
080 _a342.7 -058.64
245 0 0 _aRastet kryesore të komitetit për të drejtat e njeriut /
260 _aPrishtinë :
_aTurku :
_aÅbo :
_bInstituti për të Drejtat e Njeriut ;
_bFinnish - OHCHR Human Rights Support Programma - Kosovo ;
_bUniversiteti Åbo Akademi ;
_b"Leo Print"
_c2004
300 _a524 f. ;
_c24 cm.
500 _aParathënia :f. 7 - 8
500 _aParathënia për botimin në gjuhën shqipe : f. 9
505 _aBibliografia e shkurtër: f. 510
505 _aBurimet dhe literatura t: f. 511 - 512
505 _aIndeksi: f. 518 - 524
650 0 _aTë drejtat e njeriut
700 1 _aHanski, Raija
700 1 _aScheinin, Martin
700 1 _aHasani, Enver
700 1 _aSejdiu, Bekim
942 _2udc
_cBK
999 _c346
_d346